Statistics for Taylor Swift - exile Lyrics

Click here to take the quiz!

General Stats

  • This quiz has been taken 130 times
  • The average score is 422 of 458

Answer Stats

Answer% Correct
a
100%
And
100%
and
100%
exile
100%
(I
100%
I
100%
me
100%
the
100%
You
100%
you
100%
(You
100%
(Didn't
99%
didn't
99%
(So
99%
So
99%
so
99%
thin
99%
your
99%
can
97%
in
97%
I've
97%
my
97%
no
97%
out
97%
out)
97%
see
97%
this
97%
To
97%
to
97%
We
97%
before
96%
I'm
96%
is
96%
like
96%
Like
96%
seen
96%
think
96%
who
96%
am
95%
ending
95%
hear
95%
not
95%
now
95%
now?
95%
with
95%
With
95%
all
93%
All
93%
(All
93%
anymore
93%
around)
93%
around
93%
body
93%
but
93%
do
93%
film
93%
honey
93%
it
93%
never
93%
(Never
93%
standing
93%
there
93%
were
93%
arms
92%
for
92%
You're
92%
gave
91%
his
91%
many
91%
sign)
91%
sign
91%
signs
91%
signs)
91%
time
91%
time)
91%
town
91%
five
89%
Of
89%
seein'
89%
took
89%
very
89%
even
88%
he's
88%
just
88%
minutes
88%
what
88%
whole
88%
always
87%
amount
87%
at
87%
defending
87%
funny
87%
homeland
87%
joke's
87%
leave
87%
line
87%
walked
87%
Laughin'
86%
leavin'
86%
mind)
86%
mind
86%
side
86%
starin'
86%
crying
84%
door
84%
on
84%
right
84%
step
84%
up
84%
warning
84%
read
83%
crown
82%
Oh
82%
oh
82%
understudy
82%
us
82%
you'd
82%
bloody
80%
chances
80%
learned
80%
leaving
80%
problem
80%
things
80%
pack
79%
Second
79%
get
78%
here
78%
knuckles
78%
offending
78%
third
78%
turn
78%
love
76%
turned
76%
'Cause
75%
couldn't
74%
Balancin'
72%
breaking
72%
eyes
71%
hall
71%
injury
71%
Those
70%
add
66%
branches
66%
insult
66%
hundredth
63%
Holdin'
61%
Ah
49%
ah
49%
times)
49%

Score Distribution

Percentile by Number Answered

Percent of People with Each Score

Your Score History

You have not taken this quiz